000 00755nam a2200253Ia 4500
005 20260429111857.0
008 260429s9999||||xx |||||||||||||| ||und||
020 _a9781555815127
041 _aEnglish
082 _a660.62
_bBAL
100 _aBaltz, Richard H.
245 0 _aManual of industrial microbiology and biotechnology /
_cRichard H. Baltz
250 _a3rd ed.
260 _aWashington :
_bAmerican Society for Microbiology Press,
_c2016.
300 _axv, 766 p.; hb
650 _a Applied microbiology
650 _a Bioprocess engineering
650 _a Biotechnology
650 _a Fermentation technology
650 _aIndustrial microbiology
700 _a Davies, Julian E.
700 _a Demain, Arnold L.
942 _cTB
999 _c51240
_d51240